Córdoba /
Guardado en:
| Autor Corporativo: | |
|---|---|
| Formato: | |
| Series: | Rutas argentinas
|
| Materias: | |
| Etiquetas: |
Agregar Etiqueta
Sin Etiquetas, Sea el primero en etiquetar este registro!
|
| LEADER | 00970ngm a22002775g 4500 | ||
|---|---|---|---|
| 001 | CEM.cems022652 | ||
| 008 | 130507b2003##################0###0#####d | ||
| 005 | 20241113142759.0 | ||
| 245 | 1 | 0 | |a Córdoba / |c Canal 7 (Bs.As.). |
| 300 | |a 46'. | ||
| 490 | 0 | |a Rutas argentinas | |
| 500 | |a En soporte VHS, consultar en ventanilla. | ||
| 505 | 0 | |a Recorrido por la ciudad de Salta y alrededores. Costumbres. Lugares históricos. El tren a las nubes. El folklore, las peñas. Comidas típicas. Excursiones. | |
| 538 | |a Soporte: VHS - Norma: Pal N - Color: Si - Grabación DRD 2003 - Hitachi=2410. | ||
| 110 | 2 | |a Canal 7 (Bs.As.) | |
| 082 | 9 | 1 | |/ TUR-4 |
| 653 | |a TURISMO | ||
| 653 | |a SALTA | ||
| 653 | |a RUTAS ARGENTINAS | ||
| 653 | |a FOLKLORE | ||
| 653 | |a COMIDAS TIPICAS | ||
| 653 | |a COSTUMBRES | ||
| 653 | |a LUGARES HISTORICOS | ||
| 653 | |a NIVEL PRIMARIO | ||
| 653 | |a NIVEL SECUNDARIO | ||
| 859 | |a CEMS |b BIB. CEMS - Depto. Recursos Didacticos |h 918 |i TUR-4 |k DRD |p 1295.12 |t Ej.1 | ||
